000 01060cam a2200289 a 4500
999 _c130249
_d130249
001 4457286
003 ARRUPE
005 20200131114841.0
008 950306s1972 enka b 001 0beng
010 _a 95123033
020 _a0297831631
040 _aDLC
_cDLC
_dDLC
043 _ae-uk---
050 0 0 _aDA332
_b.L3 1992
082 0 0 _a942.05/2/092
_aB
_221
100 1 _aLacey, Robert.
_949243
245 1 4 _aThe life and times of Henry VIII /
_cRobert Lacey ; introduction by Antonia Fraser.
260 _aLondon :
_bWeidenfeld and Nicholson,
_cc1972
300 _a224 p. :
_bill. (some col.) ;
_c25 cm.
504 _aIncludes bibliographical references (p. 220-221) and index.
600 0 0 _aHenry
_bVIII,
_cKing of England,
_d1491-1547.
_949244
651 0 _aGreat Britain
_xHistory
_yHenry VIII, 1509-1547.
_949245
651 0 _aGreat Britain
_xKings and rulers
_xBiography.
_96218
906 _a7
_bcbc
_corignew
_d3
_encip
_f19
_gy-gencatlg
942 _2lcc
_cMONOGRAPH